Porovnanie krajín V4 pomocou metód viackriteriálneho vyhodnocovania variantov bakalárska práca

Salvato in:
Dettagli Bibliografici
Autore principale: Petrásková, Zuzana
Ente Autore: Fakulta hospodárskej informatiky EU. Katedra operačného výskumu a ekonometrie
Altri autori: König, Brian, 1983-
Natura: Libro
Lingua:slovacco
Pubblicazione: Bratislava 2011
Tags: Aggiungi Tag
Nessun Tag, puoi essere il primo ad aggiungerne!!

MARC

LEADER 00000nbm a2200000 4500
001 0151957
005 20120525085021.6
041 0 |a slo 
044 |a SK 
245 1 0 |a Porovnanie krajín V4 pomocou metód viackriteriálneho vyhodnocovania variantov  |b bakalárska práca  |c Zuzana Petrásková ; školiteľ: Brian König 
264 1 |a Bratislava  |c 2011 
300 |a 40 s. 
100 1 |a Petrásková, Zuzana 
700 1 |a König, Brian, 1983- 
710 2 |a Fakulta hospodárskej informatiky EU. Katedra operačného výskumu a ekonometrie